000 00678nam a2200193Ia 4500
003 GCL
005 20240530103743.0
008 140319s9999 xx 000 0 ara d
040 _aGCL /
_cGCL
082 0 4 _a368.853
_bم ش
100 1 _aمعوض عبدالتواب
245 1 0 _aشرح قانون توظيف الاموال نصوص القانون 146 لسنة 1988 ولائحته التنفيذية /
_cمعوض عبدالتواب
260 _a[S.N] :
_bمنشاة المعارف الاسلامية ،
_c1989
300 _a167 ص
490 _aالكتب القانونية
_v0
650 0 4 _aالقانون
650 0 4 _aقانون الاستثمار
942 _2ddc
_cBK
999 _c42205
_d42205